| 000 | 00691nam a2200181Ia 4500 | ||
|---|---|---|---|
| 008 | 151202s9999||||xx |||||||||||||| ||und|| | ||
| 082 | _bPNVM-68433 | ||
| 100 | _aपवार जयंत. | ||
| 245 | _aफिनिक्सच्या राखेतून उठला मोर. | ||
| 260 | _bलोक वाङम्य गृह मुंबई. | ||
| 260 | _c68433 | ||
| 300 | _a179 | ||
| 600 | _aपवार जयंत. | ||
| 630 | _aफिनिक्सच्या राखेतून उठला मोर. | ||
| 700 | _aपवार जयंत. | ||
| 730 | _aफिनिक्सच्या राखेतून उठला मोर. | ||
| 942 | _cBOOK | ||
| 999 |
_c1334943 _d1334940 |
||